| Поле | Название | Значение |
| |
Тип записи |
a |
| |
Библиографический уровень |
a |
| 001 |
Контрольный номер |
RU/CBS_UL/BASE/fd5480e31bba4118925ffa64a713dd23 |
| 005 |
Дата корректировки |
20240110154043.7 |
| 100 |
Данные общей обработки |
__ |
| a |
Данные общей обработки |
20240110 ||| 0rusy0189 ca |
| 101 |
Язык документа |
0_ |
| a |
Язык текста |
rus |
| 102 |
Страна публикации |
__ |
| a |
Страна публикации |
RU |
| 200 |
Заглавие и сведения об ответственности |
1_ |
| a |
Заглавие |
Совместные проекты Ульяновской области и Татарстана |
| e |
Сведения, относящиеся к заглавию |
[статья] |
| f |
Первые сведения об ответственности |
С. Таишева |
| 300 |
Общие примечания |
__ |
| a |
Общие примечания |
16+ |
| 461 |
Уровень набора |
_0 |
| 1 |
|
2000 |
| a |
|
Магариф |
| 463 |
Уровень физической единицы |
_0 |
| 1 |
|
2000 |
| a |
|
№6 |
| v |
|
С. 4-6 |
| 1 |
|
2101 |
| d |
|
2023 |
| 1 |
|
001RU/CBS_UL/BASE/227c7409fd1e48d2bad774565eb51c1f |
| 606 |
Тематические рубрики |
0_ |
| a |
Основная рубрика |
Образовательная политика |
| 610 |
Ключевые слова |
0_ |
| a |
Ключевые слова |
делегация Татмедиа |
| 610 |
Ключевые слова |
0_ |
| a |
Ключевые слова |
Борис Костишко |
| 610 |
Ключевые слова |
0_ |
| a |
Ключевые слова |
Рамис Сафин |
| 610 |
Ключевые слова |
0_ |
| a |
Ключевые слова |
Алабуга (особая экономическая зона) |
| 610 |
Ключевые слова |
0_ |
| a |
Ключевые слова |
скоростной поезд |
| 686 |
Индексы других классификаций |
__ |
| 2 |
Код системы |
rubbk |
| a |
Классификационный индекс |
74 |
| 700 |
Автор |
_1 |
| a |
Фамилия |
Таишева |
| b |
Имя (инициалы) |
С. |
| 801 |
Источник записи |
_0 |
| a |
Страна |
RU |
| b |
Организация |
МБУК ЦБС г. Ульяновска |
| c |
Дата составления |
20240110 |
| g |
Правила каталогизации |
RCR |
| 801 |
Источник записи |
_1 |
| a |
Страна |
RU |
| b |
Организация |
МБУК ЦБС г. Ульяновска |
| c |
Дата составления |
20240110 |
| g |
Правила каталогизации |
RCR |
| 901 |
Тип документа |
__ |
| t |
Тип документа |
b |
| w |
Контрольный № источника |
RU/CBS_UL/BASE/227c7409fd1e48d2bad774565eb51c1f |